000 00465nam a22001817a 4500
003 OSt
005 20250403093525.0
008 250203s2014 ag ||||| |||| 00| 0 spa d
020 _a9789871912452
040 _cbesoc
245 0 0 _aRosario :
_besta ciudad 2 /
_cLucrecia Aicardi ... [et al.]
250 _a1a ed.
260 _aRosario :
_bemr,
_c2015
300 _a101 p.
650 4 _aFotografĂ­a
_zRosario
700 1 _aAicardi, Lucrecia
_eautor
942 _2udc
_cOG
_n0
999 _c466
_d466